| 000 | 00881nam a2200229 i 4500 | ||
|---|---|---|---|
| 001 | 69638 | ||
| 003 | ES-MaACL | ||
| 005 | 20260219165328.0 | ||
| 007 | t| | ||
| 008 | 040708s1947 sp ||||1| spa d | ||
| 100 | 1 |
_aGarcía Figueras, Tomás. _954615 |
|
| 245 | 1 | 0 |
_aÁfrica en la acción española / _cTomás García Figueras. |
| 260 |
_aMadrid : _b[Instituto de Estudios Africanos de la Dirección General de Marruecos y Colonias, _c1947] ( _fBlass) |
||
| 300 |
_a229 p., [18] h. de lám. ; _c20 cm. |
||
| 586 | 8 | _aPremio África de Literatura 1946 | |
| 651 | 4 |
_aMarruecos- _xHistoria- _y1912-1956, Protectorado español. _99029 |
|
| 651 | 7 |
_aEspaña- _xColonias- _zÁfrica _2 _9172189 |
|
| 710 | 2 |
_aInstituto de Estudios Africanos. _94881 |
|
| 710 | 1 |
_aEspaña. _bDirección General de Marruecos y Colonias. _93752 |
|
| 852 |
_aES-MaACL _jC-5092 |
||
| 999 |
_c69638 _d69638 |
||